Govt. of
Madhya Pradesh

Netaji Subhas Chandra Bose In Historical Perspective (Record no. 13999)

MARC details
000 -LEADER
fixed length control field 005540000a22001930004500
001 - CONTROL NUMBER
control field 002083
003 - CONTROL NUMBER IDENTIFIER
control field MACL
005 - DATE AND TIME OF LATEST TRANSACTION
control field 20151025123854.0
008 - FIXED-LENGTH DATA ELEMENTS--GENERAL INFORMATION
fixed length control field 151025b xxu||||| |||| 00| 0 eng d
040 ## - CATALOGING SOURCE
Original cataloging agency MACL
Transcribing agency MACL
041 ## - LANGUAGE CODE
Language code of text/sound track or separate title English
082 ## - DEWEY DECIMAL CLASSIFICATION NUMBER
Classification number 923.2/DAS
100 ## - MAIN ENTRY--PERSONAL NAME
Personal name Das, Hari Hara
9 (RLIN) 486
245 ## - TITLE STATEMENT
Title Netaji Subhas Chandra Bose In Historical Perspective
Remainder of title The Great War For Political Emancipation
Statement of responsibility, etc. Hari Hara Das
260 ## - PUBLICATION, DISTRIBUTION, ETC. (IMPRINT)
Place of publication, distribution, etc. New Delhi
Date of publication, distribution, etc. 2000
Name of publisher, distributor, etc. National Publishing House,
350 ## - PRICE (NR) (BK AM CF MU VM SE) [OBSOLETE]
Price 500
650 ## - SUBJECT ADDED ENTRY--TOPICAL TERM
Topical term or geographic name as entry element Biography
9 (RLIN) 16654
942 ## - ADDED ENTRY ELEMENTS (KOHA)
Call number prefix 923
Koha item type Books
Source of classification or shelving scheme
Holdings
Withdrawn status Lost status Source of classification or shelving scheme Damaged status Not for loan Home library Current library Date acquired Cost, normal purchase price Total Checkouts Full call number Barcode Date last seen Uniform Resource Identifier Price effective from Koha item type
          MACL MACL 15/04/2015 500.00   923.2/DAS CRE015086 02/05/2024 13878 15/04/2015 Books